Vlaamse zanger(e)s(sen) en bands - Statistieken

Algemene statistieken
  • Deze quiz is 153 keer genomen
  • De gemiddelde score is 19 van 48
Antwoordstatistieken
Hint Antwoord % Correct
Domino Clouseau
88%
Heyah mama K3
86%
Meisjes Raymond Van het Groenewoud
79%
Mia gorki
75%
Een bakske vol met stro Urbanus
73%
Ik wil je de Kreuners
67%
Eenzaam zonder jou Will Tura
65%
zoutelande blof en Geike Arnaert
63%
een ster Christoff / Stan Van Samang
63%
Laat de zon in je hart Willy Sommers
60%
Zeil je voor het eerst Bart Kaell
58%
Chérie Eddy Wally
57%
Met de trein naar Oostende Spring
56%
De oude man en de zee Dana Winner
50%
Meisjes aan de macht Yasmine
50%
skwon meiske Niels de stadsbader
47%
Zeg eens meisje Paul Severs
47%
Goud Bazart
44%
Hij speelde accordeon Luc Steeno
43%
Liefde is een kaartspel Lisa Del Bo
41%
Laat ons een bloem Louis Neefs
39%
Een tocht door het donker Thor
37%
de roos Ann Christie
36%
De lichtjes van de schelde Bobbejaan Schoepen
36%
Irene De mens
36%
't Smidje Laïs
36%
Ruimtevaarder Kommil Foo
35%
ploegsteert Het zesde metaal
34%
Tim Wim De Craene
32%
Rue des Bouchers Johan Verminnen
31%
Voor haar Gene Thomas
29%
Ik ga dood aan jou Bart Herman
27%
Zo ver weg Mama's jasje
27%
Allemaal Wim Soutaer
27%
Saragossa Jimmy Frey
26%
De zotte morgen Zjef Vanuytsel
26%
van god los Monza
24%
piraten-potpouri Samson & Gert
24%
Als ze lacht Yevgueni
24%
Ik schreeuw het van de daken Toast
23%
Jij bent de zon, jij bent de zee Bart van den bossche
21%
Amsterdam Kris De Bruyne
19%
trein Sabine Tiels
13%
Blankenberge Hugo Matthijsen
11%
Daar is de lente Jan De Wilde
10%
Cowboymeisje Laura Omloop
10%
T-shirt van Metallica Fleddy Melculy
7%
morregen The Belgian asociality
6%
Geen overeenkomende quizzen gevonden
Scoreverdeling
Procent van Mensen met Elke Score
Percentiel versus Aantal Correcte Antwoorden
Uw Scoregeschiedenis
U heeft deze quiz nog niet genomen